Paroles - Il jouait du piano debout - France Gall - Statistiques

Statistiques générales
  • Ce quiz a été pris 1 008 fois
  • Le résultat moyen est 257 sur 306
Statistiques - réponses
Réponse % Correct
Il
100%
il
100%
ce
99%
de
99%
debout
99%
du
99%
jouait
99%
piano
99%
pour
99%
vous
99%
ça
98%
Ça
98%
dire
98%
Et
98%
et
98%
c'est
97%
C'est
97%
ma
97%
Ma
97%
un
97%
veut
97%
à
96%
a
96%
beaucoup
96%
Mais
96%
mais
96%
moi
96%
peut-être
96%
qui
96%
détail
95%
était
95%
qu'il
94%
93%
d'être
91%
libre
90%
Heureux
89%
heureux
89%
le
89%
tout
89%
les
87%
Les
87%
au
84%
nous
84%
son
84%
Son
84%
que
83%
Ne
80%
ne
80%
pas
80%
garde
78%
sont
78%
autre
77%
dérange
77%
genoux
77%
quand
77%
Quand
77%
comme
76%
garçon
76%
autres
75%
fou
75%
gens
75%
malgré
75%
dites
74%
soldats
74%
lui
72%
Lui
72%
sa
71%
ses
70%
sur
69%
étranges
68%
raisons
68%
rien
68%
comprenez
67%
être
66%
quelles
66%
voulait
66%
chemin
64%
avait
62%
deux
62%
musique
62%
pieds
62%
des
61%
Simplement
61%
n'y
60%
choisi
58%
patriote
58%
pensent
57%
trouillards
57%
vivait
57%
autrement
56%
mémoire
56%
quelques
54%
marqué
52%
bizarres
51%
n'étaient
50%
n'valait
50%
coup
49%
vaut
49%
notes
48%
fois
47%
fous
47%
rythmes
46%
essaie
42%
Essaie
42%
leurs
42%
vivre
42%
image
41%
rêves
38%
pleuraient
33%
chantait
32%
tiennent
31%
d'honneur
26%
champ
25%
mort
22%
serait
22%
Aucun quiz correspondant
Distribution des résultats
% des personnes avec chaque résultat
Percentile par nombre de réponses
Votre historique - résultats
Vous n’avez pas pris ce quiz